000 00851cam a2200265 i 4500
001 798744
003 OSt
005 20250901165809.0
008 751212s1976 nyua b 001 0ceng
010 _a 75005465
020 _a0030083710
040 _aDLC
_cDLC
_dDLC
050 0 0 _aE 747 .C64 1976
_b.C64
082 0 0 _a973.9/092/2
_aB
100 1 _aCollier, Peter,
_d1939-2019
245 1 4 _aThe Rockefellers :
_ban American dynasty /
_cby Peter Collier and David Horowitz.
250 _a1st ed.
260 _aNew York :
_bHolt, Rinehart and Winston,
_cc1976.
300 _a746 p., [16] leaves of plates :
_bill. ;
_c24 cm.
504 _aIncludes bibliographical references and index.
600 3 0 _aRockefeller family.
700 1 _aHorowitz, David,
_d1939-
_ejoint author.
906 _a7
_bcbc
_corignew
_d1
_eocip
_f19
_gy-gencatlg
942 _2lcc
_cBK
999 _c9351
_d9351